Normal view
MARC view
Entry Personal Name
001 - CONTROL NUMBER
- control field: 236699
003 - CONTROL NUMBER IDENTIFIER
- control field: OSt
005 - DATE AND TIME OF LATEST TRANSACTION
- control field: 20250820161756.0
008 - FIXED-LENGTH DATA ELEMENTS
- fixed length control field: 250820|| aca||aabn | a|a d
040 ## - CATALOGING SOURCE
- Original cataloging agency: OSt
- Transcribing agency: OSt
100 ## - HEADING--PERSONAL NAME
- Personal name: VEERANNA RAJOORA and BIRADARA (B B).
- Dates associated with a name: ವೀರಣ್ಣ ರಾಜೂರ ಮತ್ತು ಬಿರಾದಾರ (ಬಿ ಬಿ)
670 ## - SOURCE DATA FOUND
- Source citation: Work cat.: (OSt)87265: VEERANNA RAJOORA and BIRADARA (B B). ವೀರಣ್ಣ ರಾಜೂರ ಮತ್ತು ಬಿರಾದಾರ (ಬಿ ಬಿ) , Janapada janme., 1981